MARC details
| 000 -LEADER |
| fixed length control field |
02421cam a22002778a 4500 |
| 001 - CONTROL NUMBER |
| control field |
16979243 |
| 003 - CONTROL NUMBER IDENTIFIER |
| control field |
PACU |
| 005 - DATE AND TIME OF LATEST TRANSACTION |
| control field |
20141103134055.0 |
| 008 - FIXED-LENGTH DATA ELEMENTS--GENERAL INFORMATION |
| fixed length control field |
110927s2012 nyu b 001 0 eng |
| 010 ## - LIBRARY OF CONGRESS CONTROL NUMBER |
| LC control number |
2011038057 |
| 020 ## - INTERNATIONAL STANDARD BOOK NUMBER |
| International Standard Book Number |
9780415886819 (hardback) |
| 040 ## - CATALOGING SOURCE |
| Original cataloging agency |
PACU |
| Transcribing agency |
PACU |
| Language of cataloging |
eng |
| 050 00 - LIBRARY OF CONGRESS CALL NUMBER |
| Classification number |
RJ505.P6 |
| Item number |
L26 2012 |
| 100 1# - MAIN ENTRY--PERSONAL NAME |
| Personal name |
Landreth, Garry L. |
| 9 (RLIN) |
4076 |
| 245 10 - TITLE STATEMENT |
| Title |
Play therapy : |
| Remainder of title |
the art of the relationship / |
| Statement of responsibility, etc. |
Garry Landreth. |
| 250 ## - EDITION STATEMENT |
| Edition statement |
3rd ed. |
| 260 ## - PUBLICATION, DISTRIBUTION, ETC. (IMPRINT) |
| Place of publication, distribution, etc. |
New York, NY : |
| Name of publisher, distributor, etc. |
Brunner-Routledge, |
| Date of publication, distribution, etc. |
2012. |
| 300 ## - PHYSICAL DESCRIPTION |
| Extent |
xviii, 422p. |
| Other physical details |
col. ill. |
| Dimensions |
24 cm |
| 504 ## - BIBLIOGRAPHY, ETC. NOTE |
| Bibliography, etc |
Includes bibliographical references and index. |
| 520 ## - SUMMARY, ETC. |
| Summary, etc. |
"Play Therapy: The Art of the Relationship is a text for graduate-level counseling students in play therapy courses. It provides comprehensive and detailed information for creating therapeutic relationships with children and facilitating the play therapy process. Landreth stresses the importance of understanding the child's world and perspective, allowing play therapists to fully connect with them. Although there is this emphasis on the experiential aspect, the relevant research and theory are still considered. The author presents descriptions of play and the history of play therapy, child and therapist characteristics, play room set-up and materials, working with parents. Guidelines, transcripts, and case examples are provided for governing sensitive issues at every stage of the therapeutic process, from the first meeting to the end of the relationship. This new edition will incorporate the relevant research that has taken place since the publication of the previous, and includes new sections on supervision of play therapists, legal and ethical issues, and multicultural considerations in play therapy"-- |
| Assigning source |
Provided by publisher. |
| 520 ## - SUMMARY, ETC. |
| Summary, etc. |
"This is a text for graduate-level counseling students in play therapy courses. It provides comprehensive and detailed information for creating therapeutic relationships with children and facilitating the play therapy process. Landreth stresses the importance of understanding the child's world and perspective, allowing play therapists to fully connect with them"-- |
| Assigning source |
Provided by publisher. |
| 650 #0 - SUBJECT ADDED ENTRY--TOPICAL TERM |
| Topical term or geographic name as entry element |
Play therapy. |
| 9 (RLIN) |
4077 |
| 650 #7 - SUBJECT ADDED ENTRY--TOPICAL TERM |
| Topical term or geographic name as entry element |
PSYCHOLOGY / Psychotherapy / Counseling |
| Source of heading or term |
bisacsh. |
| 9 (RLIN) |
4078 |
| 650 #7 - SUBJECT ADDED ENTRY--TOPICAL TERM |
| Topical term or geographic name as entry element |
PSYCHOLOGY / Mental Health |
| Source of heading or term |
bisacsh. |
| 9 (RLIN) |
4079 |
| 942 ## - ADDED ENTRY ELEMENTS (KOHA) |
| Source of classification or shelving scheme |
Library of Congress Classification |
| Koha item type |
General books |
| Classification part |
RJ 505 |
| Item part |
.P6L26 |
| Call number suffix |
2012 |